000 00634nab a2200193 4500
001 244442
003 OSt
005 20251015081916.0
007 tu
008 200917s2020|||||||
040 _aDE-2950
_cDE-2950
245 0 0 _aSPD empfiehlt Axel Strasser
_bOB-Wahl. Als letzte große Partei hat sich die SPD vor der Stichwahl positioniert - und eine Empfehlung für den parteilosen Kandidaten ausgesprochen/
_cThomas Gutke
264 _c2025
653 _aFrankfurt (Oder)
653 _aOB-Stichwahl
653 _aSPD
773 0 _g36. Jahrgang (2025) Nr. 234 vom 08.10.2025, S. 14 mit Foto
_tMärkische Oderzeitung
942 _2z
_cA
999 _c374060
_d374060